00519nam a2200193 a 4500001001300000003000900013005001700022008004100039020001100080082001700091100002500108245001400133260004600147300000800193500003500201505004700236650001700283700002500300nice12345678IN_TiNIC20260116012332.0050524s1981 alia grp 000 0 urd  ac2.7500a491.44bANS1 aAnsarullah, Mohammad aUrdu Nahu aAligarhbAligarh Muslim University c1981 a80p aincludes index and biblioraphy2 aFoot notes by Maulana Maulvi Ilahi Bakhsh. aUrdu-Grammar1 aAnsarullah, Mohammad